Normal view
MARC view
- STANLEY,D.FRANK
Entry Personal Name
001 - CONTROL NUMBER
- control field: 132625
003 - CONTROL NUMBER IDENTIFIER
- control field: NUST
005 - DATE AND TIME OF LATEST TRANSACTION
- control field: 20251230144540.0
008 - FIXED-LENGTH DATA ELEMENTS
- fixed length control field: 251230|| aca||aabn | a|a d
040 ## - CATALOGING SOURCE
- Original cataloging agency: NUST
- Transcribing agency: NUST
100 ## - HEADING--PERSONAL NAME
- Personal name: STANLEY,D.FRANK
670 ## - SOURCE DATA FOUND
- Source citation: Work cat.: (NUST): STANLEY,D.FRANK., THE EVELYN WOOD SEVEN DAY SPEED READING AND LEARNING PROGRAM /, 1990.
